| 000 | 00385nam a2200109Ia 4500 | ||
|---|---|---|---|
| 008 | 160909s9999 xx 000 0 und d | ||
| 100 | _aShoreibah, Ream A. | ||
| 245 | _aCause Placement: A Conceptual Framework and Empirical Findings | ||
| 260 |
_bUniversity of South Florida. _c2016 |
||
| 650 | _aMARKETING MANAGEMENT | ||
| 856 | _uhttp://pqdtopen.proquest.com/doc/1802536459.html?FMT=ABS | ||
| 999 |
_c304776 _d304776 |
||